Making the most of small spaces (Record no. 12117)

000 -LEADER
fixed length control field 00364 a2200145 4500
003 - CONTROL NUMBER IDENTIFIER
control field OSt
005 - DATE AND TIME OF LATEST TRANSACTION
control field 20231223161222.0
008 - FIXED-LENGTH DATA ELEMENTS--GENERAL INFORMATION
fixed length control field 231223b ||||| |||| 00| 0 eng d
020 ## - INTERNATIONAL STANDARD BOOK NUMBER
International Standard Book Number 978-1876907525
082 ## - DEWEY DECIMAL CLASSIFICATION NUMBER
Classification number 728
Item number CRA
100 ## - MAIN ENTRY--PERSONAL NAME
Personal name Crafti, Stephen
245 ## - TITLE STATEMENT
Title Making the most of small spaces
260 ## - PUBLICATION, DISTRIBUTION, ETC. (IMPRINT)
Name of publisher, distributor, etc Images Publishing Group Pty Ltd
Date of publication, distribution, etc 2002
942 ## - ADDED ENTRY ELEMENTS (KOHA)
Source of classification or shelving scheme
Holdings
Withdrawn status Lost status Source of classification or shelving scheme Damaged status Koha normalized classification for sorting Not for loan Permanent location Current location Date acquired Source of acquisition Cost, normal purchase price Total Checkouts Full call number Barcode Date last seen Date last borrowed Cost, replacement price Price effective from Koha item type
        728_000000000000000_CRA   BMS College of Architecture, Design and Planning BMS College of Architecture, Design and Planning 2023-12-23 10 2094.75 1 728 CRA AR-UG3429 2025-05-06 2025-04-07 2992.50 2023-12-23 UG Books
Copyright © 2025, The Librarian, Library and Information Centre, BMSCA D&P, Bengaluru. All Rights Reserved
web counter

Powered by Koha